[Event "Tournoi francophone 009 Groupe B"]
[Site "Skype"]
[Date "????.??.??"]
[Round "7.3"]
[White "Martin, Jean-Claude"]
[Black "Harmelle, Dominique"]
[Result "1/2-1/2"]
[WhiteElo "1471"]
[BlackElo "1551"]
[PlyCount "102"]

1. d4 Nf6 2. c4 e5 3. dxe5 Ng4 4. Nf3 Nc6 5. Bf4 Bb4+ 6. Nc3 Bxc3+ 7. bxc3 Qe7
8. Qd5 d6 9. exd6 cxd6 10. Qxd6 Bf5 11. Qxe7+ Nxe7 12. h3 Nf6 13. Rd1 O-O 14.
Bd6 Rfe8 15. Bxe7 Rxe7 16. e3 Bc2 17. Rd2 Ba4 18. Bd3 Bc6 19. Be2 Ne4 20. Rc2
Ba4 21. Rc1 Rd8 22. O-O Nd2 23. Nxd2 Rxd2 24. Bf3 Red7 25. a3 b6 26. Bg4 Rc7
27. Bd1 Be8 28. Bb3 b5 29. cxb5 Bxb5 30. Rfd1 Rcd7 31. Rxd2 Rxd2 32. Rd1 Rxd1+
33. Bxd1 Bd3 34. Bb3 Kf8 35. f4 Ke7 36. Kf2 Be4 37. g3 h5 38. h4 f5 39. Ke2 Kd6
40. c4 Kc5 41. Kd2 a5 42. Kc3 Bc6 43. Bc2 Bd7 44. e4 g6 45. exf5 gxf5 46. Bd1
Be8 47. Bf3 Bf7 48. Be2 Bg6 49. Bf3 Bf7 50. a4 Be8 51. Be2 Bf7 1/2-1/2

[Event "Tournoi francophone 009 Groupe B"]
[Site "Skype"]
[Date "????.??.??"]
[Round "7.4"]
[White "Milanese, Serge"]
[Black "Gerbaux, Regis"]
[Result "0-1"]
[WhiteElo "1411"]
[BlackElo "1331"]
[PlyCount "58"]

1. e4 c5 2. Nf3 Nc6 3. c3 h6 4. d4 cxd4 5. cxd4 e6 6. a3 Nf6 7. Nc3 d5 8. e5
Ne4 9. Bd3 Nxc3 10. bxc3 Be7 11. Qc2 a6 12. Be3 b5 13. O-O Bb7 14. Nd2 Rc8 15.
Nb3 b4 16. axb4 Nxb4 17. Qe2 Rxc3 18. Nc5 Bxc5 19. dxc5 Rxd3 20. Rfb1 a5 21.
Rd1 Rxd1+ 22. Qxd1 O-O 23. Qg4 Kh7 24. Rb1 Qc7 25. Bd4 Nc6 26. Rb3 Nxd4 27.
Qxd4 f6 28. Rg3 Qxe5 29. Qg4 Qe1# 0-1

[Event "Tournoi francophone 009 Groupe B"]
[Site "Skype"]
[Date "????.??.??"]
[Round "7.5"]
[White "Malbec, Robert"]
[Black "Gharbi, Said"]
[Result "0-1"]
[WhiteElo "1451"]
[BlackElo "1537"]
[PlyCount "64"]

1. e4 e5 2. Nf3 Nf6 3. Bc4 d6 4. h3 Nxe4 5. Qe2 Bf5 6. d3 Nc5 7. d4 Ne4 8. dxe5
dxe5 9. Nxe5 Qd4 10. Bxf7+ Ke7 11. Nf3 Qb4+ 12. c3 Qd6 13. Bb3 Kd7 14. O-O Kc8
15. Rd1 Qg6 16. Nh4 Qf6 17. Nxf5 Qxf5 18. Rd5 Qg6 19. Bd1 Nf6 20. Qe6+ Nbd7 21.
Rd4 Bc5 22. Rf4 Re8 23. Qf5 Qxf5 24. Rxf5 Re1+ 25. Kh2 Rxd1 26. Bg5 b6 27. Bxf6
Nxf6 28. f3 Kb7 29. b4 Bd6+ 30. g3 Re8 31. h4 Re2+ 32. Kh3 Rh1# 0-1

[Event "Tournoi francophone 009 Groupe B"]
[Site "Skype"]
[Date "????.??.??"]
[Round "8.1"]
[White "De Coninck, Philippe"]
[Black "Gharbi, Said"]
[Result "0-1"]
[WhiteElo "1475"]
[BlackElo "1537"]
[PlyCount "84"]

1. e4 e5 2. Nf3 Nf6 3. Nxe5 d6 4. Nxf7 Kxf7 5. d4 g6 6. Bg5 Be7 7. Bxf6 Bxf6 8.
Bc4+ Kg7 9. O-O Nc6 10. c3 Re8 11. Nd2 Bg5 12. Re1 Qf6 13. Nf3 Bg4 14. Be2 Rxe4
15. Nxg5 Qxg5 16. f3 Bh3 17. Bf1 Rxe1 18. Qxe1 Bf5 19. Qe2 Bd7 20. Rd1 Re8 21.
Qd2 Qxd2 22. Rxd2 Re1 23. Kf2 Ra1 24. a3 Na5 25. Re2 Kf7 26. Rc2 Ba4 27. Rd2
Nb3 28. Bc4+ Kf6 29. Bxb3 Bxb3 30. Ke3 d5 31. g4 g5 32. Rf2 Re1+ 33. Re2 Rxe2+
34. Kxe2 Bc2 35. Ke3 h6 36. f4 gxf4+ 37. Kxf4 Kg6 38. h4 Ba4 39. b4 Bd7 40. h5+
Kf6 41. Kg3 Kg5 42. Kf3 Bxg4+ 0-1

[Event "Tournoi francophone 009 Groupe B"]
[Site "Skype"]
[Date "????.??.??"]
[Round "8.2"]
[White "Gerbaux, Regis"]
[Black "Malbec, Robert"]
[Result "1/2-1/2"]
[WhiteElo "1331"]
[BlackElo "1451"]
[PlyCount "76"]

1. d4 d5 2. c4 Nf6 3. Nc3 e6 4. a3 a6 5. e3 dxc4 6. Bxc4 b5 7. Bb3 Bb7 8. Nf3
Be7 9. O-O O-O 10. Bc2 Nbd7 11. e4 h6 12. h3 Nh7 13. Bf4 Bg5 14. Qd2 Bxf4 15.
Qxf4 Ndf6 16. Qh4 Re8 17. e5 Nd5 18. Nxd5 Bxd5 19. Qf4 Bxf3 20. Bxh7+ Kxh7 21.
Qxf3 Rf8 22. Rad1 Kg8 23. d5 exd5 24. Rxd5 Qc8 25. Rfd1 Qe6 26. Qd3 Rac8 27.
Qe3 f5 28. Qg3 c6 29. Rd7 Rf7 30. R7d6 Qa2 31. Rxh6 Qxb2 32. e6 Rf6 33. e7 Rxh6
34. Rd8+ Kf7 35. Rxc8 Re6 36. e8=Q+ Rxe8 37. Rc7+ Re7 38. Rxc6 g6 1/2-1/2

[Event "Tournoi francophone 009 Groupe B"]
[Site "Skype"]
[Date "????.??.??"]
[Round "8.3"]
[White "Harmelle, Dominique"]
[Black "Milanese, Serge"]
[Result "0-1"]
[WhiteElo "1551"]
[BlackElo "1411"]
[PlyCount "52"]

1. d4 Nf6 2. Bf4 d5 3. e3 e6 4. Nd2 Nbd7 5. Bd3 Bd6 6. Bxd6 cxd6 7. Ngf3 O-O 8.
O-O e5 9. dxe5 dxe5 10. e4 Nc5 11. Nxe5 Re8 12. f4 dxe4 13. Bb5 Ncd7 14. Bxd7
Bxd7 15. Qe2 Be6 16. Nxe4 Qd4+ 17. Nf2 Qxf4 18. Nfd3 Qg5 19. h3 Bxh3 20. Kh2
Bg4 21. Nf3 Qh5+ 22. Kg3 Rxe2 23. Nf2 Bf5 24. Rh1 Qg6+ 25. Kh2 Rxf2 26. Kg1
Qxg2# 0-1

[Event "Tournoi francophone 009 Groupe B"]
[Site "Skype"]
[Date "????.??.??"]
[Round "8.4"]
[White "Le Brun, Yves"]
[Black "Martin, Jean-Claude"]
[Result "1-0"]
[WhiteElo "1454"]
[BlackElo "1471"]
[PlyCount "63"]

1. d4 e5 2. dxe5 Nc6 3. Nf3 Qe7 4. e4 Nxe5 5. Nxe5 Qxe5 6. Bd3 Bb4+ 7. c3 Bc5
8. Nd2 c6 9. Nc4 Qc7 10. Qg4 g6 11. e5 d5 12. Nd6+ Bxd6 13. exd6 Qxd6 14. Qe2+
Qe7 15. Be3 Be6 16. b4 Nf6 17. Bc5 Qc7 18. Bd4 Qe7 19. O-O O-O 20. Bc5 Qc7 21.
Bxf8 Kxf8 22. h3 Re8 23. Qf3 Nh5 24. Rae1 Nf4 25. Bc2 b5 26. Re3 Qd6 27. Rd1
Nh5 28. g4 Ng7 29. h4 Qd7 30. Rd4 Bxg4 31. Rxe8+ Kxe8 32. Rxg4 1-0

[Event "Tournoi francophone 009 Groupe B"]
[Site "Skype"]
[Date "????.??.??"]
[Round "8.5"]
[White "L'Herbon De Lussats, Jean"]
[Black "Marino, Giuseppe"]
[Result "1-0"]
[WhiteElo "1539"]
[BlackElo "1444"]
[PlyCount "92"]

1. e4 e5 2. Nf3 d6 3. Bc4 Be7 4. O-O Nf6 5. Nc3 c6 6. d4 exd4 7. Qxd4 O-O 8. e5
dxe5 9. Qxe5 h6 10. Qg3 Nh5 11. Qg6 Nf6 12. Bxh6 Ne8 13. Ng5 Bxg5 14. Bxg5 Qd6
15. Qh5 Nd7 16. Rfe1 Ndf6 17. Qh4 Bf5 18. Rad1 Qc5 19. Bd3 Bxd3 20. Rxd3 Nh7
21. Be7 Nd6 22. Bxd6 Rfe8 23. Rxe8+ Rxe8 24. Kf1 Qf5 25. Bc7 Qe6 26. f3 Ng5 27.
Bg3 Nh7 28. Rd8 Rxd8 29. Qxd8+ Nf8 30. Bd6 Qc4+ 31. Kf2 Qd4+ 32. Kg3 g5 33.
Qxf8+ Kh7 34. Qxf7+ Kh8 35. Qh5+ Kg7 36. Qxg5+ Kf7 37. Qf5+ Kg8 38. Be5 Qd8 39.
Qg6+ Kf8 40. Qg7+ Ke8 41. Bf6 Qd6+ 42. f4 Qe6 43. Kf3 b5 44. g4 b4 45. Ne4 a5
46. f5 Qxf5+ 1-0

[Event "Tournoi francophone 009 Groupe B"]
[Site "Skype"]
[Date "????.??.??"]
[Round "9.1"]
[White "Marino, Giuseppe"]
[Black "De Coninck, Philippe"]
[Result "0-1"]
[WhiteElo "1444"]
[BlackElo "1475"]
[PlyCount "112"]

1. d4 e5 2. dxe5 Nc6 3. Nf3 Qe7 4. c3 Nxe5 5. Nxe5 Qxe5 6. e3 Nf6 7. Nd2 d5 8.
Nf3 Qd6 9. Be2 Be7 10. O-O O-O 11. Re1 Ne4 12. c4 dxc4 13. Qxd6 Bxd6 14. Bxc4
Re8 15. a3 Bg4 16. Be2 f5 17. Nd4 Bxe2 18. Rxe2 Rf8 19. Bd2 Rf6 20. Rc1 a6 21.
Rc4 Raf8 22. f3 Ng5 23. Be1 Rg6 24. Bb4 Ne6 25. Bxd6 cxd6 26. Nxe6 Rxe6 27. Rc7
Rfe8 28. Kf2 f4 29. Rc3 d5 30. Rd3 Rxe3 31. Rexe3 Rxe3 32. Rxe3 fxe3+ 33. Kxe3
Kf7 34. Kd4 Ke6 35. h3 h5 36. g4 h4 37. f4 g6 38. f5+ gxf5 39. gxf5+ Kxf5 40.
Kxd5 Kf4 41. Kc5 Kg3 42. Kb6 Kxh3 43. Kxb7 Kg2 44. Kxa6 h3 45. b4 h2 46. b5
h1=Q 47. b6 Qf1+ 48. Kb7 Qc4 49. Kb8 Kf3 50. b7 Ke4 51. Ka7 Qc7 52. Ka8 Qa5+
53. Kb8 Kd5 54. Kc8 Qc5+ 55. Kb8 Kc6 56. Kc8 Qf8# 0-1

[Event "Tournoi francophone 009 Groupe B"]
[Site "Skype"]
[Date "????.??.??"]
[Round "9.2"]
[White "Martin, Jean-Claude"]
[Black "L'Herbon De Lussats, Jean"]
[Result "1/2-1/2"]
[WhiteElo "1471"]
[BlackElo "1539"]
[PlyCount "99"]

1. d4 Nf6 2. c4 g6 3. Nc3 Bg7 4. e4 d6 5. f3 O-O 6. Be3 b6 7. d5 c5 8. Bd3 e6
9. Bg5 Qd7 10. Qa4 h6 11. Qxd7 Bxd7 12. Bh4 g5 13. Bg3 e5 14. O-O-O a6 15. Nge2
b5 16. cxb5 axb5 17. Bxb5 Rd8 18. a3 Na6 19. Bxd7 Nxd7 20. Nb5 Nb6 21. Nec3 c4
22. Bf2 Nc5 23. Bxc5 dxc5 24. Nc7 Ra7 25. d6 Nc8 26. N3b5 Rb7 27. Rd5 Bf8 28.
Rhd1 Nxd6 29. Nxd6 Rxc7 30. Nb5 Rxd5 31. Rxd5 Rb7 32. Nd6 Rb3 33. Nxc4 f6 34.
Kc2 Rb8 35. Nd6 Kg7 36. a4 Rb4 37. b3 Bxd6 38. Rxd6 c4 39. bxc4 Rxc4+ 40. Kb3
Rc8 41. a5 Kf7 42. a6 Ke7 43. Rd5 Rb8+ 44. Ka4 Rb2 45. a7 Ra2+ 46. Kb4 Rxa7 47.
Ra5 Rd7 48. Rd5 Rb7+ 49. Rb5 Rd7 50. Rd5 1/2-1/2

[Event "Tournoi francophone 009 Groupe B"]
[Site "Skype"]
[Date "????.??.??"]
[Round "9.3"]
[White "Milanese, Serge"]
[Black "Le Brun, Yves"]
[Result "0-1"]
[WhiteElo "1411"]
[BlackElo "1454"]
[PlyCount "52"]

1. e4 e5 2. Nf3 Nc6 3. d4 exd4 4. Nxd4 Qf6 5. Nf3 h6 6. c3 Bc5 7. Be3 Bxe3 8.
fxe3 d6 9. Be2 Qg6 10. Qb3 Nf6 11. Nbd2 O-O 12. g3 b6 13. Qb5 Ne7 14. Nh4 Qh7
15. Bd3 a6 16. Qc4 Ne8 17. e5 g6 18. exd6 cxd6 19. Qe4 Ra7 20. Qd4 Rd7 21. Nc4
Qg7 22. Qxg7+ Kxg7 23. Nxb6 Rc7 24. O-O Be6 25. Rf4 g5 26. Rf2 gxh4 0-1

[Event "Tournoi francophone 009 Groupe B"]
[Site "Skype"]
[Date "????.??.??"]
[Round "9.4"]
[White "Malbec, Robert"]
[Black "Harmelle, Dominique"]
[Result "0-1"]
[WhiteElo "1451"]
[BlackElo "1551"]
[PlyCount "130"]

1. e4 c5 2. Nf3 e6 3. d4 cxd4 4. Nxd4 Nf6 5. Nc3 Bb4 6. Bg5 d6 7. Qd3 Bd7 8.
Be2 Nc6 9. O-O O-O 10. Ndb5 Ne5 11. Qd4 Bc5 12. Qd2 Bc6 13. Bxf6 gxf6 14. Rad1
Qb6 15. Na4 Qd8 16. Nxd6 Bxa4 17. Nxb7 Qxd2 18. Rxd2 Bb6 19. Nd6 Bc6 20. Kh1
Ng6 21. c3 Bc7 22. f3 Rfd8 23. Rfd1 Rd7 24. Nc4 Rad8 25. Rxd7 Rxd7 26. g3 Rxd1+
27. Bxd1 Ne7 28. Kg2 e5 29. Ne3 Kg7 30. b4 Kg6 31. g4 Kg5 32. Kg3 a6 33. h4+
Kg6 34. a4 h5 35. a5 hxg4 36. Kxg4 Kh6 37. Nf5+ Nxf5 38. Kxf5 Bd8 39. Kg4 Bd7+
40. Kg3 f5 41. exf5 Bxf5 42. Be2 Bc8 43. Bc4 f5 44. b5 f4+ 45. Kg2 axb5 46.
Bxb5 Bxa5 47. c4 Kh5 48. Be8+ Kxh4 49. Bb5 Bh3+ 50. Kf2 Bc3 51. Ke2 Kg3 52. Bc6
Bd4 53. Be4 Bc5 54. Bd5 Bg2 55. Be4 Kh2 56. Bc6 Kg1 57. Be4 Bf1+ 58. Kd2 Bxc4
59. Bb7 Kf2 60. Be4 Be2 61. Kc3 Bxf3 62. Kd3 Bxe4+ 63. Kxe4 Bd4 64. Kd3 f3 65.
Ke4 Ke2 0-1

[Event "Tournoi francophone 009 Groupe B"]
[Site "Skype"]
[Date "????.??.??"]
[Round "9.5"]
[White "Gharbi, Said"]
[Black "Gerbaux, Regis"]
[Result "1-0"]
[WhiteElo "1537"]
[BlackElo "1331"]
[PlyCount "99"]

1. e4 c5 2. Nf3 d6 3. h3 Nf6 4. Nc3 e6 5. Bc4 a6 6. a4 Nbd7 7. O-O Be7 8. d3 h6
9. Re1 b6 10. Bf4 Nh5 11. Bh2 Nhf6 12. e5 dxe5 13. Nxe5 Nxe5 14. Bxe5 Bd6 15.
Bxf6 Qxf6 16. Bd5 Ra7 17. Bc6+ Bd7 18. Bd5 O-O 19. Be4 Rc7 20. Re3 Bc6 21. Rf3
Qe5 22. Rg3 f5 23. Bxc6 Rxc6 24. Qh5 f4 25. Qxe5 Bxe5 26. Rg4 Bxc3 27. bxc3 e5
28. c4 Re6 29. a5 e4 30. dxe4 Rxe4 31. axb6 Rxc4 32. Ra2 Kh7 33. Rxa6 Rxc2 34.
b7 Rb8 35. Rb6 Rc1+ 36. Kh2 Rc4 37. Rgg6 Rxb7 38. Rbc6 Rf7 39. f3 Rc3 40. Kg1
Rc1+ 41. Kf2 Rc2+ 42. Ke1 Re7+ 43. Rge6 Rxe6+ 44. Rxe6 Rxg2 45. Re4 g5 46. Rc4
Rh2 47. Rxc5 Rxh3 48. Kf2 Rh2+ 49. Kg1 Rh3 50. Rc3 1-0